Spell the Hardest Province of Canada - Statistics

General Stats
  • This quiz has been taken 226 times
  • The average score is 11 of 12
Answer Stats
Capital % Correct
S
100%
a
99%
s
96%
k
92%
a
91%
t
90%
c
88%
h
86%
e
82%
w
81%
a
80%
n
80%
No matching quizzes found
Score Distribution
Percent of People with Each Score
Percentile by Number Answered
Your Score History
You have not taken this quiz